000 01206nam a2200253 a 4500
001 1702233
003 AM-YEHGA
005 20250617164625.0
008 200907s2020 ai a|||gr|||||||||p|arm|d
020 _a9789939032092
040 _aAM-YeHGA
041 0 _aarm
100 1 _aՆագուլեան, Յարութիւն
245 1 0 _aՍաղմոսներ :
_bԲանաստեղծություններ /
_cՅ. Նագուլեան ; Առաջաբանի հեղինակ և խմբագիր՝ Ե. Տէր-Խաչատուրեան ; [ Ձևավորումը՝ Ա. Ուռուտեանի, Սրբագրիչ՝ Ս. Խաչատրեան].
260 _aԵրեւան :
_bՀեղ. հրատ.,
_c2020.
_fԶանգակ
300 _a61 էջ :
_bլուսանկար ;
_c21 սմ.
500 _aՇապիկին՝ Արտօ Չաքմաքչեան, «Նարեկացի»:
650 1 4 _aՍփյուռքահայ բանաստեղծություններ
700 1 _aՏէր-Խաչատուրեան, Երուանդ
_eառաջաբանի հեղինակ
_4aui
_eխմբագիր
_4edt
700 1 _aՈւռուտեան, Արամ
_eձևավորող
_4bkd
700 1 _aԽաչատրյան, Սամուել
_eսրբագրիչ
_4crr
942 _2udc
_cBK
090 _c564312
999 _c526696
_d526696